Maps showing aeromagnetic survey and geologic interpretation of the Chignik and Sutwik Island quadrangles, Alaska /

Bibliographic Details
Corporate Author: Geological Survey (U.S.)
Other Authors: Case, James E., 1933-
Format: Government Document Map
Language:English
Published: Reston, Va. : The Survey, 1981.
Series:Miscellaneous field studies ; map MF-1053-B.
Subjects:

MARC

Tag First Indicator Second Indicator Subfields
LEADER 00000cem a2200000Ia 4500
001 in00002531798
005 20151113125854.0
007 aj aanzn
008 811201s1981 vauaegk a f 0 eng d
034 1 |a a  |b 250000  |d W1604500  |e W1560000  |f N0570000  |g N0560000 
035 |a (OCoLC)ocm07963005 
035 |a (OCoLC)7963005 
040 |a GIS  |c GIS  |d OCL  |d COP  |d OCLCQ  |d OCLCG  |d TXA  |d UtOrBLW 
043 |a n-us-ak 
049 |a TXAM 
050 4 |a G3701.C5 svar  |b .U53 MF-1053-B 
052 |a 4371 
074 |a 619-G-11 
086 0 |a I 19.113:MF-1053-B 
245 0 0 |a Maps showing aeromagnetic survey and geologic interpretation of the Chignik and Sutwik Island quadrangles, Alaska /  |c by J.E. Case [and others] ; Department of the Interior, United States Geological Survey. 
246 3 0 |a Chignik and Sutwik Island quadrangles, Alaska 
246 3 0 |a Sutwik Island quadrangle, Alaska 
255 |a Scale 1:250,000  |c (W 160⁰45ʹ--W 156⁰00ʹ/N 57⁰00ʹ--N 56⁰00ʹ). 
264 1 |a Reston, Va. :  |b The Survey,  |c 1981. 
300 |a 2 maps ;  |c 45 x 115 cm., folded in envelope 25 x 32 cm. +  |e 1 text (8 pages ; 28 cm.) 
336 |a cartographic image  |b cri  |2 rdacontent 
337 |a unmediated  |b n  |2 rdamedia 
338 |a sheet  |b nb  |2 rdacarrier 
490 1 |a Miscellaneous field studies / Dept. of the Interior, United States Geological Survey ;  |v map MF-1053-B 
500 |a Relief shown by contours and spot heights. Depth shown by soundings and isolines. 
504 |a Includes bibliographical references. 
505 0 |a Aeromagnetic map -- Geologic interpretation. 
500 |a Cartographic material. 
650 0 |a Magnetic anomalies  |z Alaska  |v Maps. 
650 0 |a Geology  |z Alaska  |v Maps. 
700 1 |a Case, James E.,  |d 1933- 
710 2 |a Geological Survey (U.S.) 
830 0 |a Miscellaneous field studies ;  |v map MF-1053-B. 
994 |a C0  |b TXA 
948 |a cataloged  |b h  |c 2009/12/15  |e rharris  |f 02:18:55 pm 
999 |a MARS 
999 f f |s d63a7cfc-ab5a-3373-bc2c-37f36b4ba4f4  |i 97888344-0963-3425-98b1-7912b2a177df  |t 0 
952 f f |p normal  |a Texas A&M University  |b College Station  |c Sterling C. Evans Library  |d Evans: Maps File (2nd floor)  |t 0  |e I 19.113:MF-1053-B  |h Superintendent of Documents classification  |i unmediated -- sheet  |m A14837776134 
998 f f |a I 19.113:MF-1053-B  |t 0  |l Evans: Maps File (2nd floor)